| 000 | 00736cab a2200241 4500 | ||
|---|---|---|---|
| 001 | ABS59354 | ||
| 008 | 090401t1998 xxu||||| |||| 00| 0 eng d | ||
| 035 | _a(Sirsi) u88720 | ||
| 041 | _aeng | ||
| 100 | _aGrinfeld, M, | ||
| 245 | _aGetting in on the Act | ||
| 260 | _c1998 | ||
| 350 | _a0 | ||
| 490 |
_aBuilding _v268(8057) 25 September 1998, 90-91(2) |
||
| 520 | _aComments on and summarises the Party Wall etc. Act 1996, the definitions, notices, rights and obligations. References. | ||
| 650 | _aBUILT ENVIRONMENT-BUILDING INSPECTION | ||
| 650 | _aPARTY WALL ETC ACT 1996 | ||
| 650 | _aPARTY WALL NOTICES | ||
| 650 |
_aParty walls _96258 |
||
| 690 | _aPROPERTY LAW AND PRACTICE | ||
| 942 | _n0 | ||
| 948 | _c29/09/1998 | ||
| 999 |
_c56083 _d56083 |
||